| 000 | 00333nam a22001457a 4500 | ||
|---|---|---|---|
| 003 | SGT | ||
| 020 | _a8170415570 | ||
| 082 |
_a350.954 _bK91T |
||
| 100 | _aTAGRA, VINOD | ||
| 245 | _aKEDARNATH GOENKA: PROMINENT FREEDOM FIGHTER | ||
| 260 |
_bANMOL PUBLICATIONS _c1991 |
||
| 300 | _a381 | ||
| 650 | _aSOCIAL SCIENCE | ||
| 942 |
_2ddc _cBK |
||
| 999 |
_c27744 _d27744 |
||